Statistics for Countries over 1% of the Global Population

Click here to take the quiz!

General Stats

  • This quiz has been taken 1,184 times
  • The average score is 17 of 19

Answer Stats

Percentage %Country% Correct
18.4China
100%
4.3United States of America
100%
17.7India
100%
2.8Brazil
97%
1.9Russia
96%
1.7Mexico
96%
3.5Indonesia
96%
1.6Japan
94%
2.6Nigeria
93%
2.7Pakistan
93%
1.1Germany
92%
2.2Bangladesh
89%
1.3Egypt
89%
1.1Iran
87%
1.1Turkey
84%
1.1Dem. Rep. of the Congo
82%
1.4Ethiopia
80%
1.3Vietnam
79%
1.4Philippines
75%

Score Distribution

Percentile by Number Answered

Percent of People with Each Score

Your Score History

You have not taken this quiz